Freedom and Finance : Democratization and Institutional Investors in Developing Countries /
Obra en que se discute la relación entre mercado de capitales y democracia. La autora no está de acuerdo con la concepción liberal contemporánea de que una economía de mercado ayuda a promover la libertad en los países en desarrollo, donde el 99% del capital es de origen privado: si sólo el 1% repre...
Guardat en:
| Autor principal: | |
|---|---|
| Format: | Llibre |
| Idioma: | anglès |
| Publicat: |
Hampshire, Inglaterra :
Palgrave,
2001, c2001
|
| Col·lecció: | (International Political Economy Series)
|
| Matèries: | |
| Etiquetes: |
Sense etiquetes, Sigues el primer a etiquetar aquest registre!
|
MARC
| LEADER | 00000nam^a2200000^a^4500 | ||
|---|---|---|---|
| 001 | 000139524 | ||
| 005 | 20250521000000.0 | ||
| 009 | 20260310095508.169 | ||
| 022 | |a 0-33-91448-1 | ||
| 037 | |a Acervo ITESO - Biblioteca | ||
| 041 | |a ING | ||
| 082 | |a 332. 67314091724 |b HAL | ||
| 100 | |a Haley, Mary Ann |e (autor) | ||
| 245 | 1 | 0 | |a Freedom and Finance : |b Democratization and Institutional Investors in Developing Countries / |c M.A. Haley. |
| 264 | 4 | |a Hampshire, Inglaterra : |b Palgrave, |c 2001, c2001 | |
| 300 | |a XIII, 200 p. | ||
| 336 | |a texto |b txt |2 rdacontenido | ||
| 337 | |a sin mediación |b n |2 rdamedio | ||
| 338 | |a volumen |b nc |2 rdasoporte | ||
| 440 | 1 | |a (International Political Economy Series) | |
| 520 | |a Obra en que se discute la relación entre mercado de capitales y democracia. La autora no está de acuerdo con la concepción liberal contemporánea de que una economía de mercado ayuda a promover la libertad en los países en desarrollo, donde el 99% del capital es de origen privado: si sólo el 1% representa el financiamiento público, se corren riesgos de perder control en los procesos democratizadores. | ||
| 649 | |a XX | ||
| 650 | |a Inversiones Extranjeras | ||
| 650 | |a Bancos y Operaciones Bancarias | ||
| 650 | |a Finanzas Públicas | ||
| 650 | |a Desarrollo Económico-Social | ||
| 650 | |a Liberalismo | ||
| 650 | |a Capitalismo | ||
| 650 | |a Política Económica | ||
| 650 | |a Democracia | ||
| 650 | |a Países Subdesarrollados - |x Condiciones Económicas | ||
| 650 | |a Países Subdesarrollados - |x Condiciones Políticas | ||
| 650 | |a Economía | ||
| 910 | |a Fondo General | ||
| 920 | |a Impresos - Libros | ||
| 930 | |a Colección General | ||
| 905 | |a 101 | ||
| 901 | |a 0500067246 |b IT1 |c ACC |u 20250521 | ||
| 902 | |a https://opac.biblio.iteso.mx/vufind/Record/000139524 | ||